| 000 | 01692nam a22004217a 4500 | ||
|---|---|---|---|
| 003 | CHAP | ||
| 005 | 20220329143201.0 | ||
| 008 | 061121d2006 mx abd r 00110 spa d | ||
| 010 | _a93022 | ||
| 011 | _a93994 | ||
| 035 | _a104577 | ||
| 040 | _cCHAP | ||
| 090 | _aTesis | ||
| 100 | 1 |
_aCaamal Balán, Aldrin Leonel. _916525 |
|
| 245 | 1 | 0 |
_aDiagnóstico y propuesta de modernización de las unidades de riego: _bSan Manuel y Llano Grande del municipio de Quecholac, Puebla _c/por Aldrin Leonel Caamal Balán y Juan Carlos Velázquez Santiago |
| 260 |
_aChapingo, Méx. : _bEl autor, _c2006 |
||
| 300 |
_a129 h. : _bilus. ; gráfs. ; mapas ; cuadros ; anexo |
||
| 502 | _aTesis (Ing. en Irrigación) -- UACH. Departamento de Irrigación | ||
| 590 |
_aALEPH _b10 _c20130110 _lUCH01 _h1515 |
||
| 590 |
_aBATCH-UPD _b10 _c20130110 _lUCH01 _h0235 |
||
| 590 |
_aBATCH-UPD _b10 _c20130110 _lUCH01 _h1139 |
||
| 590 |
_aBATCH-UPD _b10 _c20130409 _lUCH01 _h2300 |
||
| 590 |
_aBATCH-UPD _b10 _c20130410 _lUCH01 _h1235 |
||
| 590 |
_aBATCH-UPD _b10 _c20130913 _lUCH01 _h2135 |
||
| 590 |
_aCONVERSION _b10 _c20130109 _lUCH01 _h1351 |
||
| 650 | 1 | 4 |
_aAgricultura _xPuebla. _91775 |
| 650 | 1 | 4 |
_aAgua subterranea. _92456 |
| 650 | 1 | 4 |
_aAgua subterranea _xPuebla. _92455 |
| 650 | 1 | 4 |
_aIrrigación _xPuebla. _960476 |
| 650 | 1 | 4 |
_aUnidad de Riego Llano Grande, Pue. _9116177 |
| 650 | 1 | 4 |
_aUnidad de Riego San Manuel, Pue. _9116182 |
| 700 | 1 |
_aVelázquez Santiago, Juan Carlos. _9118625 |
|
| 901 | _aBK | ||
| 905 | _aMarco A. Mendoza T. | ||
| 942 | _cFOLL | ||
| 949 |
_aTesis _bBC _cTES _d33724002008116 _eTS1 _gDonaciØn _h45996 _i104577 _sb |
||
| 949 |
_aTesis _bBC _cTES _d33724002008124 _eTS2 _fc.2 _gDonaciØn _h45997 _i104577 _si |
||
| 999 |
_c93022 _d93022 |
||